2.501 al 2.550. Decretos leyes dictados por la Junta de Gobierno de la República de Chile
Gorde:
| Formatua: | Liburua |
|---|---|
| Hizkuntza: | gaztelania |
| Argitaratua: |
Santiago
Jurídica de Chile
1979
|
| Saila: | Textos Legales, 61
|
| Gaiak: | |
| Etiketak: |
Etiketa erantsi
Etiketarik gabe, Izan zaitez lehena erregistro honi etiketa jartzen!
|
MARC
| LEADER | 00000nam a2200000 a 4500 | ||
|---|---|---|---|
| 001 | UCR0882 | ||
| 003 | CL-VaPUC | ||
| 008 | 971205e19790000CL |||||||||||||||||spa|d | ||
| 082 | 0 | 4 | |a 348.022 |b DEC |2 21 |
| 245 | 1 | 0 | |a 2.501 al 2.550. Decretos leyes dictados por la Junta de Gobierno de la República de Chile |
| 300 | |a 172 p | ||
| 942 | |c BK | ||
| 945 | |d 19971205 00:00:00 |a lriquelm | ||
| 260 | |a Santiago |b Jurídica de Chile |c 1979 | ||
| 650 | 7 | |a LEGISLACION |2 CL-VaPUC |9 397424 | |
| 650 | 7 | |a FUENTES |2 CL-VaPUC |9 255666 | |
| 650 | 7 | |a DERECHO CHILENO |2 CL-VaPUC |9 397425 | |
| 650 | 7 | |a DECRETO LEY |2 CL-VaPUC |9 382553 | |
| 651 | 7 | |a CHILE |2 CL-VaPUC |9 397426 | |
| 583 | |a last modification |c 19971205 00:00:00 |k Rodrigo Vera | ||
| 490 | 0 | |a Textos Legales, 61 | |
| 999 | |c 264380 |d 264378 | ||